New Testament, Psalms/ (Record no. 28995)

000 -LEADER
fixed length control field 00871cam a2200241 4500
001 - CONTROL NUMBER
control field 2663598
005 - DATE AND TIME OF LATEST TRANSACTION
control field 20181004093908.0
008 - FIXED-LENGTH DATA ELEMENTS--GENERAL INFORMATION
fixed length control field 720410s1971 cau 000 0 eng
010 ## - LIBRARY OF CONGRESS CONTROL NUMBER
LC control number 72178787
040 ## - CATALOGING SOURCE
Original cataloging agency DLC
Transcribing agency DLC
Modifying agency DLC
050 00 - LIBRARY OF CONGRESS CALL NUMBER
Classification number BS2095
Item number .N35 1971
130 0# - MAIN ENTRY--UNIFORM TITLE
Uniform title Bible.
Name of part/section of a work New Testament.
Language of a work English.
245 10 - TITLE STATEMENT
Title New Testament, Psalms/
250 ## - EDITION STATEMENT
Edition statement Text ed.
260 ## - PUBLICATION, DISTRIBUTION, ETC. (IMPRINT)
Place of publication, distribution, etc. U.S.A:
Name of publisher, distributor, etc. Gideons International,
Date of publication, distribution, etc. [1971]
300 ## - PHYSICAL DESCRIPTION
Extent ix, 520p.
Dimensions 20 cm.
730 0# - ADDED ENTRY--UNIFORM TITLE
Uniform title Bible.
Name of part/section of a work Psalms.
Language of a work English.
Version New American Standard.
Date of a work 1971.
906 ## - LOCAL DATA ELEMENT F, LDF (RLIN)
a 7
b cbc
c orignew
d 2
e ncip
f 19
g y-gencatlg
942 ## - ADDED ENTRY ELEMENTS (KOHA)
Source of classification or shelving scheme
Koha item type Reference Material
Classification part REF BS 2095 .N35 1971
Holdings
Withdrawn status Lost status Source of classification or shelving scheme Damaged status Not for loan Home library Current library Shelving location Date acquired Total Checkouts Full call number Barcode Date last seen Price effective from Koha item type
          MACHAKOS UNIVERSITY LIBRARY MACHAKOS UNIVERSITY LIBRARY Reference 01/09/2017   REF BS 2095 .N35 1971 20532 05/06/2019 01/09/2017 Reference Material
© Machakos University Library, Along The Highway, Machakos Wote Rd, Machakos, Kenya P.O. Box 136 - 90100 Machakos - Kenya

Tel: ( +254 ) 723 805829 OR Fax : 044-20353 OR Email: library@mksu.ac.ke